000 00575nam a2200205Ia 4500
005 20250923145155.0
008 008 250917s9999 xx 000 0 eng d
037 _aTextual
040 _aDSWL
_beng
_cDSWL
041 _aeng
_2eng
084 _aYogX8(D6,78), N68
_qDSWL
100 _aAron, Raymond
_9832523
245 0 _aProgress and disillusion
_cby Raymond Aron
260 _aLondon
_bPale Mall
_c1968
300 _axvi,262p.
365 _aINR
_b35
925 _g35
942 _cTEXL
_hYogX8(D6,78), N68
999 _c1448063
_d1448063